BEZPEČNOSTNÉ POŽIADAVKY PRE ODPOROVÉ ZVÁRANIE

Bibliographic Details
Main Author: Mikula, Jozef (Author)
Format: Article
Language:Slovak

MARC

LEADER 00000nab a2200000uu 4500
001 vtls010908758
003 SK-MaSNL
005 20260303105832.0
008 230121|2010 xo |||||||||||||||||slo|
015 |a SNBRB 
035 |a (urnnbn)urn:nbn:sk:snk:ar-a07z0j 
035 |a (uuid)95d6e31a-7942-4175-af16-1624dffbec0f 
035 |a urn:nbn:sk:snk-ab8ykr 
040 |a SNKBUCL  |b slo  |c SNKBUCL  |e AACR2 
041 0 |a slo 
044 |a xo  |c SK 
100 1 |a Mikula, Jozef  |4 aut  |9 366778 
245 1 0 |a BEZPEČNOSTNÉ POŽIADAVKY PRE ODPOROVÉ ZVÁRANIE  |c Jozef Mikula 
773 0 |t Bezpečnosť práce : odborný časopis pre problematiku bezpečnosti a ochrany zdravia pri práci  |g Roč. 10, č. 2 (2010), s. 23-31 
954 |a odborná, vedecká literatúra pôvodná (slovenská)  |2 lita 
958 |a OND 
958 |a EUIPO 
958 |a article10 
999 |c 1865921  |d 1867851